|
|
|
|
| LEADER |
01428nam a2200325 a 4500 |
| 001 |
39250 |
| 003 |
BD-DhAAL |
| 008 |
220822t1990 caua b 001 0 eng d |
| 999 |
|
|
|c 44863
|d 44863
|
| 010 |
|
|
|a 89026902
|
| 020 |
|
|
|a 1558150927 :
|c $29.95
|
| 020 |
|
|
|a 1558150773 (pbk.)
|
| 040 |
|
|
|a DLC
|c DLC
|d DLC
|d BD-DhAAL
|
| 050 |
0 |
0 |
|a HJ2305
|b .W68 1990
|
| 082 |
0 |
0 |
|a 336.205
|2 20
|
| 245 |
0 |
0 |
|a World tax reform :
|b case studies of developed and developing countries /
|c edited by Michael J. Boskin and Charles E. McLure, Jr.
|
| 260 |
|
|
|a San Francisco, Calif. :
|b ICS Press ;
|a Lanham, Md. :
|b Distributed to the trade by National Book Network,
|c c1990.
|
| 300 |
|
|
|a xiv, 332 pages :
|b illustrations ;
|c 25 cm.
|
| 500 |
|
|
|a Originally presented at a conference in Oct. 1988.
|
| 500 |
|
|
|a "An International Center for Economic Growth publication."
|
| 504 |
|
|
|a Includes bibliographical references (pages [289]-318) and index.
|
| 541 |
|
|
|a Donated By Akbar Ali Khan
|e 39250
|
| 650 |
|
0 |
|a Taxation
|x Case studies.
|9 50978
|
| 650 |
|
0 |
|a Finance.
|9 50979
|
| 650 |
|
0 |
|a Banks and banking.
|9 50980
|
| 700 |
1 |
|
|a Boskin, Michael J.
|9 50981
|
| 700 |
1 |
|
|a McLure, Charles E.
|9 50982
|
| 852 |
|
|
|a Ayesha Abed Library
|c Akbar Ali Khan Collection
|
| 942 |
|
|
|2 ddc
|c BK
|
| 952 |
|
|
|0 0
|1 0
|2 ddc
|4 0
|6 336_205000000000000_WOR
|7 1
|9 71710
|a BRACUL
|b BRACUL
|c AAKC
|d 2022-08-22
|e Donated by Akbar Ali Khan
|l 0
|o 336.205 WOR
|p 3010039250
|r 2022-08-22
|t 1
|w 2022-08-22
|y BK
|